Kraje na mistrzostwa świata w 2022 - Statystyki

Ogólne statystyki
  • Ten quiz został rozwiązany 261 razy
  • Średni wynik to 23 z 32
Statystyki odpowiedzi
Grupa A % Poprawnych
Polska
96%
Argentyna
94%
Francja
92%
Meksyk
92%
Anglia
88%
Arabia Saudyjska
86%
Hiszpania
83%
Brazylia
82%
Katar
82%
Portugalia
82%
Niemcy
81%
Holandia
78%
USA
77%
Senegal
76%
Japonia
73%
Belgia
70%
Ekwador
67%
Kanada
67%
Australia
66%
Dania
65%
Chorwacja
63%
Iran
63%
Maroko
63%
Walia
62%
Korea Południowa
59%
Szwajcaria
59%
Urugwaj
57%
Ghana
53%
Serbia
52%
Kamerun
50%
Tunezja
48%
Kostaryka
47%
Nie znaleziono quizów pasujących do podanych kryteriów
Rozkład punktacji
Procent ludzi z każdym wynikiem
Percentyl według liczby udzielonych odpowiedzi
Twoja historia wyników
Nie rozwiązałeś tego quizu